Liedtext - Untot im Drachenboot - Feuerschwanz - Statistiken

Allgemein
  • Dieses Quiz wurde 9 mal gespielt
  • Das Durchschnittsergebnis liegt bei 179 aus 242
Antwortstatistiken
Antwort % Korrekt
Drachen
100%
Drachenboot
100%
im
100%
und
100%
Und
100%
Untot
100%
(Untot!)
100%
auf
80%
Auf
80%
blutige
80%
bringt
80%
das
80%
dem
80%
den
80%
Die
80%
die
80%
ein
80%
euch
80%
fahren
80%
Heer
80%
in
80%
In
80%
man
80%
Meer
80%
Mit
80%
Reiht
80%
rot
80%
See
80%
Segel
80%
sich
80%
stählerne
80%
Tod
80%
tot
80%
übers
80%
unser
80%
Unser
80%
verfärbt
80%
wir
80%
aus
60%
Drachenschiff
60%
Gischt
60%
Holz
60%
jeden
60%
Kaperfahrt
60%
lebendig
60%
Mann
60%
noch
60%
Schiff
60%
Segeln
60%
wartet
60%
Weder
60%
wendig
60%
der
40%
dort
40%
draußen
40%
ewiger
40%
Hand
40%
Hört
40%
Jahren
40%
Krieger
40%
munkeln
40%
Nur
40%
schnell
40%
Seemänner
40%
seit
40%
tausend
40%
Verflucht
40%
verwegen
40%
Walhalla
40%
wer
40%
wild
40%
Axt
20%
Doch
20%
Draugr
20%
dunklen
20%
fest
20%
Hafenspelunken
20%
hält
20%
kann?
20%
nicht
20%
Schlachtfeld
20%
sterben
20%
stirbt
20%
was
20%
wenn
20%
zu
20%
Keine übereinstimmenden Quizze gefunden
Verteilung der Resultate
Anzahl Personen mit jedem Resultat
Perzentil nach korrekt beantworteten Fragen
Ihre Resultats-Entwicklung
Sie haben dieses Quiz noch nicht gespielt